[Event "Asia-ch Amateur"]
[Site "Dubai"]
[Date "2023.08.30"]
[Round "4"]
[White "Gamage, Ovin Vidmal"]
[Black "Lai, Cyrus Ho Yeung"]
[Result "1/2-1/2"]
[WhiteElo "1598"]
[BlackElo "1874"]
[PlyCount "107"]
[EventDate "2023.08.28"]
[EventType "swiss"]
[EventRounds "9"]
[EventCountry "UAE"]
[SourceTitle "EXT 2024"]
[Source "ChessBase"]
[SourceDate "2023.10.10"]
[SourceVersion "1"]
[SourceVersionDate "2023.10.10"]
[SourceQuality "1"]

1. d4 Nf6 2. c4 g6 3. Nf3 Bg7 4. g3 0-0 5. Bg2 c6 6. 0-0 d5 7. Nc3 dxc4 8. Ne5 Ng4 9. Nxg4 Bxg4 10. Be3 Be6 11. a4 Nd7 12. Qd2 Nf6 13. Rfd1 Nd5 14. Bh6 Bxh6 15. Qxh6 Nxc3 16. bxc3 Qa5 17. Ra3 Rad8 18. e4 f6 19. Qe3 Bf7 20. Raa1 e5 21. f4 Qc7 22. fxe5 fxe5 23. d5 b6 24. a5 Rd6 25. axb6 axb6 26. Qg5 cxd5 27. Qxe5 Qc5+ 28. Kh1 d4 29. Qf4 d3 30. Rf1 Rd7 31. Bh3 Re7 32. Bg2 Rd7 33. Bh3 Re7 34. Bg2 Qe5 35. Qd2 Kg7 36. Rf4 Be8 37. Raf1 Rff7 38. h4 Bc6 39. Rxf7+ Rxf7 40. Rxf7+ Kxf7 41. Qf2+ Kg7 42. Qxb6 Be8 43. Qb4 Bf7 44. Kh2 h6 45. Bf3 Qf6 46. Kg2 g5 47. hxg5 Qxg5 48. Qd6 Qd2+ 49. Kh3 Qxc3 50. e5 d2 51. Qf6+ Kg8 52. Qd8+ Kg7 53. Qf6+ Kg8 54. Qd8+ 1/2-1/2

[Event "Asia-ch Amateur"]
[Site "Dubai"]
[Date "2023.08.29"]
[Round "3"]
[White "Lai, Cyrus Ho Yeung"]
[Black "Al Busaidi, Hamood"]
[Result "0-1"]
[WhiteElo "1874"]
[BlackElo "1767"]
[PlyCount "66"]
[EventDate "2023.08.28"]
[EventType "swiss"]
[EventRounds "9"]
[EventCountry "UAE"]
[SourceTitle "EXT 2024"]
[Source "ChessBase"]
[SourceDate "2023.10.10"]
[SourceVersion "1"]
[SourceVersionDate "2023.10.10"]
[SourceQuality "1"]

1. e4 d6 2. d4 Nf6 3. Nc3 c6 4. f4 g6 5. Nf3 Bg7 6. Bd3 0-0 7. 0-0 b5 8. a3 a6 9. Kh1 Bb7 10. e5 dxe5 11. fxe5 Nd5 12. Ne4 f6 13. exf6 exf6 14. Nc5 Bc8 15. c4 bxc4 16. Bxc4 Re8 17. Qb3 Kh8 18. Bd2 Nd7 19. Bxd5 Nxc5 20. dxc5 cxd5 21. Nd4 Re4 22. Bc3 f5 23. Qd1 Qc7 24. b4 Bd7 25. Qd2 Rae8 26. Rad1 Ba4 27. Rc1 Bxd4 28. Bxd4+ Kg8 29. Rfe1 Bc6 30. Rcd1 Qe7 31. Rxe4 Qxe4 32. h3 Qh4 33. Re1 Rxe1+ 0-1

[Event "Hong Kong op"]
[Site "Hong Kong"]
[Date "2018.10.15"]
[Round "5"]
[White "Cheah, Cheok Fung"]
[Black "Lai, Cyrus Ho Yeung"]
[Result "1/2-1/2"]
[WhiteElo "1923"]
[BlackElo "1934"]
[PlyCount "70"]
[EventDate "2018.09.03"]
[EventType "swiss"]
[EventRounds "7"]
[EventCountry "HKG"]
[SourceTitle "CBM 187 Extra"]
[Source "ChessBase"]
[SourceDate "2018.11.04"]
[SourceVersion "1"]
[SourceVersionDate "2018.11.04"]
[SourceQuality "1"]

1. d4 Nf6 2. c4 g6 3. Nc3 d5 4. cxd5 Nxd5 5. e4 Nxc3 6. bxc3 Bg7 7. Nf3 c5 8. Be3 Qa5 9. Qd2 Nc6 10. Rb1 a6 11. Rc1 cxd4 12. cxd4 Qxd2+ 13. Kxd2 f5 14. e5 Be6 15. Bc4 Bxc4 16. Rxc4 0-0 17. g3 Rfd8 18. Ke2 h6 19. h4 Rd5 20. a4 Rad8 21. Rb1 e6 22. Rb6 R8d7 23. Rcxc6 bxc6 24. Rxc6 Kf7 25. Rxa6 Rb7 26. Nd2 Bf8 27. Nc4 Rdd7 28. Rc6 Rdc7 29. Rxc7+ Rxc7 30. Kd3 Ra7 31. a5 Bb4 32. Bd2 Bxd2 33. Kxd2 Ke7 34. Kc3 Kd7 35. Kb4 Kc6 1/2-1/2

[Event "Doeberl Cup 56th"]
[Site "Canberra"]
[Date "2018.03.30"]
[Round "3"]
[White "Slater Jones, Tom"]
[Black "Lai, Cyrus Ho Yeung"]
[Result "0-1"]
[WhiteElo "2032"]
[BlackElo "1909"]
[PlyCount "38"]
[EventDate "2018.03.29"]
[EventType "swiss"]
[EventRounds "9"]
[EventCountry "AUS"]
[SourceTitle "EXT 2023"]
[Source "ChessBase"]
[SourceDate "2022.10.05"]
[SourceVersion "1"]
[SourceVersionDate "2022.10.05"]
[SourceQuality "1"]

1. d4 Nf6 2. c4 g6 3. Nf3 Bg7 4. Nc3 d5 5. Qb3 dxc4 6. Qxc4 0-0 7. e4 a6 8. Qb3 b5 9. e5 Nfd7 10. h4 c5 11. e6 fxe6 12. Qxe6+ Kh8 13. Qd5 cxd4 14. Ne4 Qb6 15. Bd3 Bb7 16. Qg5 Nc6 17. Ng3 Nce5 18. Be4 Bxe4 19. Nxe4 Rxf3 0-1

[Event "Doeberl Cup 56th"]
[Site "Canberra"]
[Date "2018.03.29"]
[Round "2"]
[White "Lai, Cyrus Ho Yeung"]
[Black "Litchfield, Frederick"]
[Result "1/2-1/2"]
[WhiteElo "1909"]
[BlackElo "2054"]
[PlyCount "111"]
[EventDate "2018.03.29"]
[EventType "swiss"]
[EventRounds "9"]
[EventCountry "AUS"]
[SourceTitle "EXT 2023"]
[Source "ChessBase"]
[SourceDate "2022.10.05"]
[SourceVersion "1"]
[SourceVersionDate "2022.10.05"]
[SourceQuality "1"]

1. e4 c5 2. Nf3 d6 3. d4 cxd4 4. Nxd4 Nf6 5. Nc3 g6 6. Be3 Bg7 7. f3 Nc6 8. Qd2 0-0 9. 0-0-0 d5 10. exd5 Nxd5 11. Nxc6 bxc6 12. Bd4 Bxd4 13. Qxd4 Qb6 14. Nxd5 cxd5 15. Qxb6 axb6 16. a3 Rd8 17. Rd4 e5 18. Rb4 Rd6 19. Bd3 Bb7 20. Re1 f6 21. c4 Rc8 22. Kb1 Ba6 23. Rc1 Rdc6 24. b3 f5 25. Re1 dxc4 26. Bxc4+ Bxc4 27. Rxc4 Rxc4 28. bxc4 Rc5 29. Kb2 Kf7 30. Re3 Kf6 31. Rb3 Rc6 32. Kc3 g5 33. Kd3 h5 34. h3 h4 35. Rb5 Re6 36. c5 bxc5 37. Rxc5 Ra6 38. Rc3 Ke6 39. Rb3 Kd5 40. Rb5+ Kd6 41. Rb3 Kc5 42. Rc3+ Kd5 43. Rb3 Ra5 44. Rc3 Ra4 45. Ke3 g4 46. hxg4 fxg4 47. fxg4 Rxg4 48. Kf2 Kd4 49. Rb3 e4 50. a4 Ke5 51. a5 Kf4 52. a6 Rg6 53. Ra3 e3+ 54. Rxe3 Rxa6 55. Rf3+ Kg4 56. Kg1 1/2-1/2

[Event "Hong Kong-chT"]
[Site "Hong Kong"]
[Date "2017.05.15"]
[Round "5.1"]
[White "Pang, Yui Kuen"]
[Black "Lai, Cyrus Ho Yeung"]
[Result "1/2-1/2"]
[WhiteElo "1991"]
[BlackElo "1891"]
[PlyCount "47"]
[EventDate "2017.04.03"]
[EventType "team-swiss"]
[EventRounds "7"]
[EventCountry "HKG"]
[SourceTitle "CBM 178 Extra"]
[Source "ChessBase"]
[SourceDate "2017.06.22"]
[SourceVersion "1"]
[SourceVersionDate "2017.06.22"]
[SourceQuality "1"]
[WhiteTeam "Hong Kong Chess Academy"]
[BlackTeam "Charge of the Light Brigade"]
[WhiteTeamCountry "HKG"]
[BlackTeamCountry "HKG"]

1. Nf3 c5 2. c3 Nf6 3. g3 Nc6 4. Bg2 d5 5. d4 e6 6. 0-0 Bd6 7. Nbd2 0-0 8. dxc5 Bxc5 9. Qc2 b6 10. e4 Ba6 11. c4 Na5 12. exd5 exd5 13. b3 Rc8 14. Rd1 Qe7 15. Re1 Qd6 16. Bb2 dxc4 17. bxc4 Rfd8 18. Qf5 Nxc4 19. Nxc4 Bxc4 20. Ng5 Bd3 21. Be4 Bxe4 22. Rxe4 h6 23. Bxf6 hxg5 24. Bxd8 1/2-1/2

[Event "Hong Kong-ch prel"]
[Site "Hong Kong"]
[Date "2017.01.09"]
[Round "1"]
[White "Lai, Cyrus Ho Yeung"]
[Black "Kadam, Aaditya Vivek"]
[Result "1-0"]
[WhiteElo "1861"]
[BlackElo "1234"]
[PlyCount "71"]
[EventDate "2017.01.09"]
[EventType "swiss"]
[EventRounds "11"]
[EventCountry "HKG"]
[SourceTitle "EXT 2018"]
[Source "ChessBase"]
[SourceDate "2017.10.13"]
[SourceVersion "1"]
[SourceVersionDate "2017.10.13"]
[SourceQuality "1"]

1. e4 d6 2. d4 Nf6 3. Nc3 g6 4. f3 Bg7 5. Be3 0-0 6. Qd2 e5 7. Nge2 Nc6 8. 0-0-0 a6 9. d5 Nb8 10. g4 b5 11. a3 Nbd7 12. h4 Rb8 13. h5 a5 14. Bh6 b4 15. axb4 axb4 16. Nb1 Ba6 17. Bxg7 Kxg7 18. hxg6 fxg6 19. Qh6+ Kg8 20. g5 Nh5 21. Ng3 Rxf3 22. Nxh5 gxh5 23. Qxh5 Rf7 24. Bxa6 Rg7 25. Rdg1 Qf8 26. Rf1 Qd8 27. g6 Nf6 28. Qf5 Rxg6 29. Rhg1 Rxg1 30. Rxg1+ Kh8 31. Rf1 Nd7 32. Be2 Nc5 33. Nd2 Ra8 34. Kb1 Qb8 35. Qf6+ Kg8 36. Rg1# 1-0

[Event "Hong Kong-ch op"]
[Site "Hong Kong"]
[Date "2015.10.26"]
[Round "8"]
[White "Tushar, Anand"]
[Black "Lai, Cyrus Ho Yeung"]
[Result "1-0"]
[WhiteElo "1817"]
[BlackElo "1880"]
[PlyCount "91"]
[EventDate "2015.09.03"]
[EventType "swiss"]
[EventRounds "9"]
[EventCountry "HKG"]
[SourceTitle "EXT 2017"]
[Source "ChessBase"]
[SourceDate "2016.10.25"]
[SourceVersion "1"]
[SourceVersionDate "2016.10.25"]
[SourceQuality "1"]

1. e4 c5 2. Nc3 Nc6 3. g3 g6 4. Bg2 Bg7 5. d3 d6 6. Be3 Rb8 7. Qd2 b5 8. h4 h5 9. f4 b4 10. Nd1 Nh6 11. Ne2 Nd4 12. 0-0 Bg4 13. Bxd4 cxd4 14. Nf2 0-0 15. Kh2 Qd7 16. b3 Rfc8 17. a3 a5 18. axb4 axb4 19. Ra4 Qc7 20. Rc1 Qc5 21. Bh3 Bxh3 22. Kxh3 Kh7 23. Ng1 Ng8 24. Nf3 Nf6 25. Ne1 Bh6 26. Rca1 e5 27. Ra5 Rb5 28. Rxb5 Qxb5 29. Ra4 Rb8 30. Nf3 Nd7 31. Ng5+ Bxg5 32. hxg5 exf4 33. gxf4 f6 34. gxf6 Nxf6 35. Ra7+ Rb7 36. Rxb7+ Qxb7 37. Kg3 Qb5 38. Nh3 Ng4 39. Ng5+ Kg8 40. Qe1 Ne3 41. Qa1 Qd7 42. Kf2 Qc8 43. Qxd4 Ng4+ 44. Kg3 Qxc2 45. Qd5+ Kh8 46. Qa8+ 1-0

[Event "Hong Kong-ch op"]
[Site "Hong Kong"]
[Date "2015.10.12"]
[Round "6"]
[White "Chong, Chor Yuen"]
[Black "Lai, Cyrus Ho Yeung"]
[Result "1/2-1/2"]
[WhiteElo "1986"]
[BlackElo "1880"]
[PlyCount "204"]
[EventDate "2015.09.03"]
[EventType "swiss"]
[EventRounds "9"]
[EventCountry "HKG"]
[SourceTitle "EXT 2017"]
[Source "ChessBase"]
[SourceDate "2016.10.25"]
[SourceVersion "1"]
[SourceVersionDate "2016.10.25"]
[SourceQuality "1"]

1. e4 c5 2. Nf3 d6 3. d4 cxd4 4. Nxd4 Nf6 5. Nc3 g6 6. Be2 Bg7 7. 0-0 0-0 8. Be3 Nc6 9. Nb3 Be6 10. f4 Rc8 11. Kh1 a6 12. Bf3 Bc4 13. Rf2 e5 14. Rd2 Qe7 15. Rxd6 Rfd8 16. Bc5 exf4 17. Qd2 Qe5 18. Rd1 Bxb3 19. Rxd8+ Rxd8 20. Qxd8+ Nxd8 21. Rxd8+ Ne8 22. Bd6 Qe6 23. axb3 Bf6 24. Bg4 Bxd8 25. Bxe6 Nxd6 26. Bd5 Bf6 27. Na4 b5 28. Nc5 Bxb2 29. Nxa6 Bc3 30. Kg1 Kf8 31. Kf2 Ke7 32. Ke2 f5 33. Kf3 fxe4+ 34. Bxe4 Bd2 35. Nc7 Kf6 36. Bd3 Ke5 37. Bxb5 Ba5 38. Bd3 Bxc7 39. Kg4 Bd8 40. g3 fxg3 41. Kxg3 Ne4+ 42. Kf3 Nc5 43. Bc4 h6 44. Bf7 Kf6 45. Bc4 h5 46. h3 g5 47. b4 Ne6 48. Kg2 Ke5 49. Kg3 Be7 50. c3 Bd8 51. Kf3 Be7 52. Kg3 Nc7 53. h4 gxh4+ 54. Kh3 Kf4 55. b5 Ne8 56. Bf7 Nd6 57. Bxh5 Nxb5 58. c4 Nc7 59. c5 Ke5 60. c6 Kf4 61. Bf7 Kg5 62. Bc4 Bd6 63. Bf7 Na6 64. Bc4 Nc5 65. Kg2 Ne4 66. Kh3 Nf6 67. Be2 Nd5 68. Ba6 Nf4+ 69. Kh2 Kg4 70. Bc8+ Kf3 71. Bd7 Kf2 72. Bf5 Kf3 73. Bd7 Nd5+ 74. Kh3 Bg3 75. Bg4+ Kf2 76. Bf5 Nc7 77. Bd7 Kg1 78. Bc8 Be1 79. Bd7 Bg3 80. Bc8 Kf2 81. Bd7 Kf3 82. Bg4+ Kf4 83. Bd7 Kg5 84. Kg2 Bd6 85. Kf3 Nd5 86. Be6 Nf4 87. Bd7 Ng6 88. Be8 Ne5+ 89. Kg2 Bc7 90. Bd7 Nf7 91. Kf3 Ne5+ 92. Kg2 Ng6 93. Kf3 Ne7 94. Kg2 Bg3 95. Kf3 Nd5 96. Be6 Nc7 97. Bd7 Kf6 98. Kg4 Ke7 99. Kf3 Kd8 100. Kg4 Nd5 101. Kh3 Nf4+ 102. Kg4 Kc7 1/2-1/2

[Event "Hong Kong-ch op"]
[Site "Hong Kong"]
[Date "2015.10.08"]
[Round "5"]
[White "Lai, Cyrus Ho Yeung"]
[Black "Lau, Joe Yiu Cho"]
[Result "1-0"]
[WhiteElo "1880"]
[BlackElo "1628"]
[PlyCount "69"]
[EventDate "2015.09.03"]
[EventType "swiss"]
[EventRounds "9"]
[EventCountry "HKG"]
[SourceTitle "EXT 2017"]
[Source "ChessBase"]
[SourceDate "2016.10.25"]
[SourceVersion "1"]
[SourceVersionDate "2016.10.25"]
[SourceQuality "1"]

1. e4 c5 2. Nf3 Nc6 3. d4 cxd4 4. Nxd4 e5 5. Nb5 d6 6. c4 a6 7. N5a3 Nf6 8. Nc3 Be7 9. Be2 0-0 10. 0-0 Be6 11. Be3 Qc7 12. Nd5 Bxd5 13. exd5 Na7 14. Rc1 Nc8 15. b4 Rd8 16. Qb3 Rd7 17. Rfd1 Bf8 18. Nb1 Kh8 19. Nc3 Ne7 20. Na4 Re8 21. Nb6 Rdd8 22. c5 Nf5 23. cxd6 Qxd6 24. Bc5 Qb8 25. Bc4 Bxc5 26. bxc5 Nd4 27. Rxd4 exd4 28. d6 Nd7 29. Nxd7 Rxd7 30. Bxf7 Red8 31. Be6 Rxd6 32. cxd6 Qxd6 33. Bc4 d3 34. Bxd3 Qxd3 35. Qxd3 1-0

[Event "Hong Kong op"]
[Site "Hong Kong"]
[Date "2015.10.03"]
[Round "6"]
[White "Wilson, Kenzo Joseph"]
[Black "Lai, Cyrus Ho Yeung"]
[Result "0-1"]
[WhiteElo "1359"]
[BlackElo "1880"]
[PlyCount "92"]
[EventDate "2015.10.01"]
[EventType "swiss"]
[EventRounds "9"]
[EventCountry "HKG"]
[SourceTitle "CBM 168 Extra"]
[Source "ChessBase"]
[SourceDate "2015.10.29"]
[SourceVersion "1"]
[SourceVersionDate "2015.10.29"]
[SourceQuality "1"]

1. d4 Nf6 2. c4 g6 3. Nc3 d5 4. cxd5 Nxd5 5. e3 Bg7 6. Bc4 Nxc3 7. bxc3 0-0 8. Ne2 c5 9. 0-0 Qc7 10. Bb3 e6 11. Ba3 Nd7 12. Rc1 b6 13. Nf4 Bb7 14. Nxe6 fxe6 15. Bxe6+ Kh8 16. Bxd7 Qxd7 17. dxc5 Qc6 18. f3 bxc5 19. e4 Rfd8 20. Qc2 Rd7 21. Rfd1 Rad8 22. Rxd7 Rxd7 23. Bb2 c4 24. Rd1 h6 25. Rxd7 Qxd7 26. Bc1 Bc6 27. Qd2 Qxd2 28. Bxd2 Kg8 29. Kf2 Kf7 30. Ke3 h5 31. Kf4 Bh6+ 32. Ke5 Bxd2 33. Kd4 Bb5 34. a4 Bxa4 35. Kxc4 a5 36. g3 Bc2 37. f4 a4 38. Kb4 Bc1 39. c4 a3 40. c5 a2 41. c6 a1Q 42. c7 Qd4+ 43. Kb5 Ba4+ 44. Ka6 Qc4+ 45. Kb7 Bd7 46. e5 Qc6+ 0-1

[Event "Hong Kong-ch op"]
[Site "Hong Kong"]
[Date "2015.09.21"]
[Round "4"]
[White "Veltman, Jelmer"]
[Black "Lai, Cyrus Ho Yeung"]
[Result "1-0"]
[WhiteElo "2184"]
[BlackElo "1880"]
[PlyCount "73"]
[EventDate "2015.09.03"]
[EventType "swiss"]
[EventRounds "9"]
[EventCountry "HKG"]
[SourceTitle "EXT 2017"]
[Source "ChessBase"]
[SourceDate "2016.10.25"]
[SourceVersion "1"]
[SourceVersionDate "2016.10.25"]
[SourceQuality "1"]

1. Nf3 c5 2. c4 Nc6 3. g3 g6 4. Bg2 Bg7 5. Nc3 e5 6. 0-0 Nge7 7. Ne1 0-0 8. Nc2 Rb8 9. d3 a6 10. a4 d6 11. Rb1 a5 12. Ne3 h6 13. Ned5 f5 14. Bd2 Be6 15. Nb5 Kh7 16. e3 Bg8 17. Bc3 Rc8 18. Qd2 Nxd5 19. Bxd5 Bxd5 20. cxd5 Ne7 21. e4 b6 22. Na3 Ng8 23. Nc4 Rb8 24. f3 Bf6 25. Rbe1 Qd7 26. Qd1 Bd8 27. f4 exf4 28. gxf4 b5 29. axb5 Rxb5 30. Qf3 Rb8 31. e5 Bh4 32. Ra1 Be7 33. Rxa5 Rfd8 34. exd6 Bxd6 35. Nxd6 Qxd6 36. Ra7+ Rd7 37. Be5 1-0

[Event "Hong Kong-ch op"]
[Site "Hong Kong"]
[Date "2015.09.14"]
[Round "3"]
[White "Lai, Cyrus Ho Yeung"]
[Black "Chan, Lok Yee Lewis"]
[Result "1/2-1/2"]
[WhiteElo "1880"]
[BlackElo "1709"]
[PlyCount "83"]
[EventDate "2015.09.03"]
[EventType "swiss"]
[EventRounds "9"]
[EventCountry "HKG"]
[SourceTitle "EXT 2017"]
[Source "ChessBase"]
[SourceDate "2016.10.25"]
[SourceVersion "1"]
[SourceVersionDate "2016.10.25"]
[SourceQuality "1"]

1. e4 d6 2. d4 Nf6 3. Nc3 g6 4. f4 Bg7 5. e5 Nfd7 6. Nf3 0-0 7. h4 c5 8. h5 cxd4 9. Qxd4 Nc6 10. Qf2 dxe5 11. hxg6 hxg6 12. Qh4 Nf6 13. fxe5 Nh5 14. g4 Bxg4 15. Qxg4 Nxe5 16. Nxe5 Qc7 17. Nd3 Ng3 18. Bf4 Bxc3+ 19. Kd1 Qc6 20. Rg1 Nxf1 21. Rxf1 Bg7 22. Be5 Rfd8 23. Bxg7 Kxg7 24. Qf4 f6 25. Qf3 Qc4 26. Kd2 Rac8 27. c3 Rc6 28. Kc2 e5 29. Rae1 Qa6 30. Nb4 Qa4+ 31. Kb1 Rcd6 32. b3 Qb5 33. Rd1 a5 34. Nc2 e4 35. Qh1 Qe2 36. Nd4 Rxd4 37. Rxd4 Rxd4 38. cxd4 Qd3+ 39. Kc1 Qc3+ 40. Kb1 Qd3+ 41. Kb2 Qxd4+ 42. Kb1 1/2-1/2

[Event "Hong Kong-ch op"]
[Site "Hong Kong"]
[Date "2015.09.03"]
[Round "1"]
[White "Lai, Cyrus Ho Yeung"]
[Black "Xu, Jiarong Gerald"]
[Result "1-0"]
[WhiteElo "1880"]
[BlackElo "1498"]
[PlyCount "81"]
[EventDate "2015.09.03"]
[EventType "swiss"]
[EventRounds "9"]
[EventCountry "HKG"]
[SourceTitle "EXT 2017"]
[Source "ChessBase"]
[SourceDate "2016.10.25"]
[SourceVersion "1"]
[SourceVersionDate "2016.10.25"]
[SourceQuality "1"]

1. e4 e5 2. Nf3 Nc6 3. Bb5 Nf6 4. 0-0 d6 5. d4 Bd7 6. Nc3 a6 7. Bxc6 Bxc6 8. dxe5 dxe5 9. Nxe5 Be7 10. Nxc6 bxc6 11. Bf4 Qb8 12. e5 Qxb2 13. exf6 Bxf6 14. Qe2+ Kf8 15. Ne4 Re8 16. Qf3 Qxa1 17. Rxa1 Bxa1 18. Bxc7 g6 19. g3 Kg7 20. Qd1 Rxe4 21. Qxa1+ f6 22. Qc3 Rc8 23. Bf4 Re7 24. Qc4 Ra7 25. Be3 Raa8 26. Qe6 Rc7 27. Bf4 Rf7 28. Bh6+ Kg8 29. Qxc6 Rd8 30. Qxa6 Re8 31. Qc6 Rd8 32. a4 Rb8 33. a5 Rd8 34. Qe6 Rb8 35. a6 Rd8 36. a7 g5 37. c4 Ra8 38. Qd5 Re8 39. a8Q Rxa8 40. Qxa8+ Rf8 41. Qxf8# 1-0

[Event "Hong Kong-ch op"]
[Site "Hong Kong"]
[Date "2013.09.30"]
[Round "6"]
[White "Lai, Cyrus Ho Yeung"]
[Black "Luu, Duc Hai"]
[Result "1/2-1/2"]
[WhiteElo "1875"]
[BlackElo "1998"]
[PlyCount "74"]
[EventDate "2013.09.27"]
[EventType "swiss"]
[EventRounds "9"]
[EventCountry "HKG"]
[SourceTitle "EXT 2015"]
[Source "ChessBase"]
[SourceDate "2014.11.20"]
[SourceVersion "1"]
[SourceVersionDate "2014.11.20"]
[SourceQuality "1"]

1. e4 e6 2. d4 d5 3. Nc3 Nf6 4. Bg5 Be7 5. e5 Nfd7 6. h4 h6 7. Bxe7 Qxe7 8. f4 c6 9. Nf3 b5 10. Bd3 Nb6 11. 0-0 a6 12. Ne2 Nc4 13. Qc1 Bd7 14. Ng3 c5 15. b3 Nb6 16. c3 Nc6 17. Nh5 Qf8 18. Qe3 c4 19. Be2 Rc8 20. g4 Ne7 21. Ng3 g6 22. Kg2 Qg7 23. Rh1 h5 24. Ng5 hxg4 25. Bxg4 Nf5 26. Bxf5 gxf5 27. b4 Ke7 28. Rae1 Rh6 29. Rh2 Rc6 30. Kf3 Na4 31. Qc1 Qh8 32. Reh1 f6 33. exf6+ Qxf6 34. Rh3 Nb6 35. Qa3 Na4 36. Qc1 Nb6 37. Qa3 Na4 1/2-1/2

[Event "Hong Kong-ch qual"]
[Site "Hong Kong"]
[Date "2013.03.25"]
[Round "8"]
[White "Limbu, Purna Ram Senehang"]
[Black "Lai, Cyrus Ho Yeung"]
[Result "1-0"]
[WhiteElo "1731"]
[BlackElo "1878"]
[PlyCount "95"]
[EventDate "2013.01.28"]
[EventType "swiss"]
[EventRounds "9"]
[EventCountry "HKG"]
[SourceTitle "EXT 2015"]
[Source "ChessBase"]
[SourceDate "2014.11.20"]
[SourceVersion "1"]
[SourceVersionDate "2014.11.20"]
[SourceQuality "1"]

1. e4 c5 2. Nf3 d6 3. Bc4 Nf6 4. e5 dxe5 5. Nxe5 e6 6. 0-0 Be7 7. d3 0-0 8. Nc3 Nbd7 9. Bf4 Nb6 10. Bb3 Nbd5 11. Bxd5 Nxd5 12. Nxd5 exd5 13. d4 Be6 14. dxc5 Bxc5 15. Nd3 Bb6 16. Qf3 Rc8 17. Rac1 f6 18. Qg3 Qd7 19. Rfe1 Rc4 20. h3 Rfc8 21. Re2 Bf5 22. Rce1 Re4 23. c3 Rce8 24. Nc1 Qb5 25. Rxe4 dxe4 26. b3 Bg6 27. Be3 Bxe3 28. Qxe3 b6 29. Rd1 Rc8 30. c4 Qc6 31. Qd4 Bf5 32. Qd5+ Qxd5 33. Rxd5 Be6 34. Rd6 Kf7 35. Ne2 Ke7 36. Rd2 Rd8 37. Rxd8 Kxd8 38. Nc3 f5 39. Kf1 Kd7 40. Ke2 Kc6 41. Nb5 a6 42. Nd4+ Kd6 43. Ke3 Bd7 44. a3 Ke5 45. f4+ exf3 46. Nxf3+ Kf6 47. Kd4 Bc6 48. Ne1 1-0

[Event "Hong Kong-ch op"]
[Site "Hong Kong"]
[Date "2012.09.30"]
[Round "4"]
[White "Tsang, Hon Ki"]
[Black "Lai, Cyrus Ho Yeung"]
[Result "0-1"]
[WhiteElo "2048"]
[BlackElo "1860"]
[PlyCount "86"]
[EventDate "2012.09.28"]
[EventType "swiss"]
[EventRounds "9"]
[EventCountry "HKG"]
[SourceTitle "EXT 2024"]
[Source "ChessBase"]
[SourceDate "2023.10.10"]
[SourceVersion "1"]
[SourceVersionDate "2023.10.10"]
[SourceQuality "1"]

1. e4 c5 2. c3 d5 3. exd5 Qxd5 4. d4 cxd4 5. cxd4 Nc6 6. Nf3 e6 7. a3 Nf6 8. Nc3 Qd8 9. Bd3 Be7 10. Bc2 0-0 11. Qd3 g6 12. Bh6 Re8 13. h4 e5 14. Bb3 Ng4 15. Bg5 Nxd4 16. Bxe7 Qxe7 17. Nd5 Qc5 18. Nxd4 exd4+ 19. Kf1 Bf5 20. Qg3 Rac8 21. Rd1 Qb5+ 22. Kg1 d3 23. Ba2 Qxb2 24. f3 Qd4+ 25. Kf1 Ne3+ 26. Kg1 Nxd5+ 27. Kh2 Ne3 28. Rdg1 Rc2 29. Bb3 Rxg2+ 30. Rxg2 Nxg2 31. Rd1 Nxh4 32. Kh1 Nxf3 33. Bxf7+ Kxf7 34. Qxf3 Qe4 35. Rxd3 Qxf3+ 36. Rxf3 Re1+ 37. Kh2 Re2+ 38. Kg1 Ra2 39. Rc3 Ra1+ 40. Kf2 Rb1 41. Rc7+ Kf6 42. Rxh7 Rb3 43. a4 a6 0-1

[Event "Hong Kong-ch op"]
[Site "Hong Kong"]
[Date "2012.09.29"]
[Round "2"]
[White "Hu, Xi"]
[Black "Lai, Cyrus Ho Yeung"]
[Result "1/2-1/2"]
[WhiteElo "2352"]
[BlackElo "1860"]
[PlyCount "33"]
[EventDate "2012.09.28"]
[EventType "swiss"]
[EventRounds "9"]
[EventCountry "HKG"]
[SourceTitle "EXT 2024"]
[Source "ChessBase"]
[SourceDate "2023.10.10"]
[SourceVersion "1"]
[SourceVersionDate "2023.10.10"]
[SourceQuality "1"]

1. e4 c5 2. Nc3 Nc6 3. g3 g6 4. Bg2 Bg7 5. d3 d6 6. Be3 Rb8 7. Qd2 b5 8. Nge2 b4 9. Nd1 Nd4 10. c3 bxc3 11. bxc3 Nxe2 12. Qxe2 e5 13. 0-0 Ne7 14. Bg5 0-0 15. Bxe7 Qxe7 16. Ne3 Be6 17. c4 1/2-1/2

[Event "Hong Kong-ch op"]
[Site "Hong Kong"]
[Date "2012.09.29"]
[Round "3"]
[White "Lai, Cyrus Ho Yeung"]
[Black "Xu, Jialun"]
[Result "0-1"]
[WhiteElo "1860"]
[BlackElo "2150"]
[PlyCount "72"]
[EventDate "2012.09.28"]
[EventType "swiss"]
[EventRounds "9"]
[EventCountry "HKG"]
[SourceTitle "EXT 2024"]
[Source "ChessBase"]
[SourceDate "2023.10.10"]
[SourceVersion "1"]
[SourceVersionDate "2023.10.10"]
[SourceQuality "1"]

1. e4 c5 2. Nf3 Nc6 3. d4 cxd4 4. Nxd4 Nf6 5. Nc3 d6 6. Bg5 e6 7. Qd2 a6 8. 0-0-0 Bd7 9. Qe1 Qa5 10. Bh4 Nxd4 11. Rxd4 Rc8 12. f3 Be7 13. Kb1 b5 14. g4 Bc6 15. Bg3 e5 16. Rd1 b4 17. Ne2 Nxe4 18. Bg2 Ng5 19. Rf1 0-0 20. h4 Ne6 21. g5 Qb6 22. Bh3 a5 23. f4 Be4 24. Rd2 Rxc2 25. Rxc2 Rc8 26. fxe5 Rxc2 27. Ka1 d5 28. Bf2 Bc5 29. Bxc5 Qxc5 30. Bxe6 fxe6 31. Qd1 a4 32. Nd4 Rxb2 33. Nxe6 Rxa2+ 34. Kxa2 Qc4+ 35. Kb2 Qc3+ 36. Ka2 Qa3# 0-1

[Event "Asia-chT 17th"]
[Site "Zaozhuang"]
[Date "2012.05.22"]
[Round "5.1"]
[White "Al Zendani, Zendan"]
[Black "Lai, Cyrus Ho Yeung"]
[Result "1-0"]
[WhiteElo "2377"]
[BlackElo "1826"]
[PlyCount "45"]
[EventDate "2012.05.17"]
[EventType "team-swiss"]
[EventRounds "9"]
[EventCountry "CHN"]
[SourceTitle "CBM 148 Extra"]
[Source "ChessBase"]
[SourceDate "2012.06.22"]
[SourceVersion "1"]
[SourceVersionDate "2012.06.22"]
[SourceQuality "1"]
[WhiteTeam "Yemen"]
[BlackTeam "Hong Kong"]
[WhiteTeamCountry "YEM"]
[BlackTeamCountry "HKG"]

1. e4 c5 2. Nf3 d6 3. d4 cxd4 4. Nxd4 Nf6 5. Nc3 g6 6. g3 Nc6 7. Bg2 Bd7 8. 0-0 Bg7 9. Nde2 0-0 10. Nd5 Nxd5 11. exd5 Ne5 12. h3 Rc8 13. Nd4 Rc4 14. Be3 Qc8 15. Kh2 Bf5 16. f4 Nd7 17. Nxf5 gxf5 18. c3 b6 19. Qd3 Nf6 20. a4 Ne4 21. a5 Nxc3 22. Rfc1 bxa5 23. Bd2 1-0